MARC

LEADER 00000nam0a2200000 4500
001 366093
005 20231102011840.0
035 |a (RuTPU)RU\TPU\retro\23456 
090 |a 366093 
100 |a 20220131d1979 m y0rusy50 ca 
101 0 |a rus 
102 |a RU 
105 |a a z 001zy 
200 1 |a Советская живопись 76-77  |f сост. О. Р. Никулина 
210 |a Москва  |c Советский художник  |d 1979 
215 |a 360 с.  |c ил. 
320 |a Указ. имен: с. 352-357 
606 1 |a Живопись  |2 stltpush  |3 (RuTPU)RU\TPU\subj\73461  |9 86457 
610 1 |a изобразительное искусство 
610 1 |a русская живопись 
610 1 |a 20 век 
610 1 |a художники 
610 1 |a художественные выставки 
610 1 |a пейзаж 
610 1 |a автопортреты 
610 1 |a портретная живопись 
675 |a 75  |v 4 
702 1 |a Никулина  |b О. Р.  |4 220 
801 1 |a RU  |b 63413507  |c 20220131 
942 |c BK